<?xml version="1.0" encoding="UTF-8"?>
<collection xmlns="http://www.loc.gov/MARC21/slim">
 <record>
  <leader>01390nam a2200217Ia 4500</leader>
  <controlfield tag="001">TDMU_19077</controlfield>
  <controlfield tag="008">210410s9999    xx            000 0 und d</controlfield>
  <datafield tag="082" ind1=" " ind2=" ">
   <subfield code="a">391.4 089</subfield>
  </datafield>
  <datafield tag="090" ind1=" " ind2=" ">
   <subfield code="b">TR121</subfield>
  </datafield>
  <datafield tag="100" ind1=" " ind2=" ">
   <subfield code="a">Trần, Tấn Vịnh</subfield>
  </datafield>
  <datafield tag="245" ind1=" " ind2="0">
   <subfield code="a">Nghề dệt và trang phục cổ truyền của dân tộc Cơ Tu tỉnh Quảng Nam</subfield>
  </datafield>
  <datafield tag="245" ind1=" " ind2="0">
   <subfield code="c">Trần Tấn Vịnh</subfield>
  </datafield>
  <datafield tag="260" ind1=" " ind2=" ">
   <subfield code="a">H.</subfield>
  </datafield>
  <datafield tag="260" ind1=" " ind2=" ">
   <subfield code="b">Dân Trí</subfield>
  </datafield>
  <datafield tag="260" ind1=" " ind2=" ">
   <subfield code="c">2010</subfield>
  </datafield>
  <datafield tag="300" ind1=" " ind2=" ">
   <subfield code="a">234 tr.</subfield>
  </datafield>
  <datafield tag="520" ind1=" " ind2=" ">
   <subfield code="a">TM tài liệu tham khảo tr. 221 - 232; Tổng quan về người Cơ Tu; mô tả chi tiết về nghề dệt cổ truyền và trang phục cổ truyền của dân tộc Cơ Tu; nghệ thuật trang trí và hệ biểu tượng trong trang trí hoa văn trên y phục Cơ Tu. Qua đó đưa ra kiến nghị nhằm bảo tồn và phát huy nghề dệt và trang phục Cơ Tu </subfield>
  </datafield>
  <datafield tag="650" ind1=" " ind2=" ">
   <subfield code="a">Nghề truyền thống</subfield>
   <subfield code="x">Dệt vải</subfield>
   <subfield code="x">Dân tộc Cơ Tu</subfield>
   <subfield code="z">Quảng Nam (Việt Nam); Văn hóa dân gian</subfield>
   <subfield code="x">Trang phục</subfield>
   <subfield code="x">Dân tộc Cơ Tu</subfield>
   <subfield code="z">Quảng Nam (Việt Nam); Dân tộc Cơ Tu</subfield>
   <subfield code="x">Văn hóa</subfield>
   <subfield code="x">Trang phục</subfield>
  </datafield>
  <datafield tag="700" ind1=" " ind2=" ">
   <subfield code="a">Hội Văn nghệ dân gian Việt Nam</subfield>
  </datafield>
  <datafield tag="856" ind1=" " ind2=" ">
   <subfield code="u">http://lrc.tdmu.edu.vn/opac/search/detail.asp?aID=2&amp;ID=19077</subfield>
  </datafield>
  <datafield tag="980" ind1=" " ind2=" ">
   <subfield code="a">Trung tâm Học liệu Trường Đại học Thủ Dầu Một</subfield>
  </datafield>
 </record>
</collection>
